| 000 | 00633nam a2200145 4500 | ||
|---|---|---|---|
| 001 | 148977 | ||
| 003 | ES-MaACL | ||
| 007 | t| | ||
| 008 | 070214s1927 sp r ||||1| spa d | ||
| 100 | 1 |
_aSusaeta y Ochoa de Echagüen, José María. _9108843 |
|
| 245 | 1 | 0 |
_aColoides y fermentos _b: iniciación teórico-práctica para médicos, biólogos y estudiantes de Biología y Medicina / _cJosé María Susaeta y Ochoa de Echagüen ; con un capítulo sobre la importancia y determinación de iones de hidrógeno por el autor. |
| 260 |
_aBarcelona : _bLabor, _c1927. |
||
| 300 |
_aVIII, 238 p. : _bil. ; _c24 cm. |
||
| 852 |
_aES-MaACL _jE-853 |
||
| 999 |
_c148977 _d148977 |
||